LEADER 00667nam a2200193 i 4500 001 000000075779 003 CaOOAMICUS 005 20071105000000.0 008 071105s1913 it u000 u ita u 013 $a46951 040 $aSeMil$bita 245 10$aVolume primo. 300 $a291 p. 490 0 $aScrittori d'Italia 773 0 $tOpuscoli e lettere di riformatori italiani del Cinquecento.$dBari : Laterza & Figli, 1913-1927.$w()18670 830 0$aScrittori d'Italia.$0(OLS)http://semarc/title/138 850 $aSeMil 852 $aSeMil$W1$xVenegono$y1$m1E III 106/1$j41931$B41931$CSeMilBibl$Z2$F41935 $81 996 $6245$aVolume primo$9(OLS)http://semarc/title/17661 LEADER 01004nam a2200253 i 4500 001 000000077432 003 CaOOAMICUS 005 20010731000000.0 008 010731s1994 it u000 u ita u 013 $a48604 020 $a88-02-04621-2 040 $aSeMil$bita 100 1 $aMerlin, Pierpaolo.$0(OLS)http://semarc/name/38077 245 10$aStato e territori in età moderna /$cPierpaolo Merlin ... [et al.]. 300 $aXVI, 932 p., [40] p. di tav. 500 $aContiene : Bibliografia. 650 4$aPiemonte - Storia.$0(OLS)http://semarc/subject/945 773 0 $tStoria d'Italia.$dTorino : UTET, 1976.$g8$w()1590 773 0 $tPiemonte sabaudo.$dTorino : UTET, 1993-1994.$gTomo1$w()6411 850 $aSeMil 852 $aSeMil$W1$xVenegono$y1$mSL1.H III 8/1$j43584$B43584$CSeMilBibl$Z2$F43361 $8I 961 $aSottoscrizione: UTET (Agente) 996 $6020$a88-02-04621-2$9(OLS)http://semarc/number/59106 996 $6245$aStato e territori in età moderna$9(OLS)http://semarc/title/125741